Filosofia di genere : un libro per la cura dell'omofobia /
-д хадгалсан:
| Үндсэн зохиолч: | |
|---|---|
| Формат: | Ном |
| Хэл сонгох: | итали |
| Хэвлэсэн: |
Roma :
Edizioni Libreria Croce,
2009
|
| Цуврал: | Universitas
|
| Нөхцлүүд: | |
| Шошгууд: |
Шошго байхгүй, Энэхүү баримтыг шошголох эхний хүн болох!
|
MARC
| LEADER | 00000nam a2200000 i 4500 | ||
|---|---|---|---|
| 001 | IT\ICCU\RCA\0629119 | ||
| 003 | ItRI | ||
| 005 | 20260214153739.0 | ||
| 008 | 100122s2009 it |||||| ||||| |||||c | ||
| 015 | |2 IT |a 2009-10396 | ||
| 020 | |a 9788864020655 | ||
| 040 | |b ita |c GP | ||
| 041 | 7 | |a ita |2 ISO-639-2 | |
| 082 | |a 306.76 |2 19 | ||
| 100 | 1 | |a Frana, Massimo |0 IT\ICCU\RCAV\239506 |4 aut | |
| 245 | 1 | 0 | |a Filosofia di genere : |b un libro per la cura dell'omofobia / |c Massimo Frana. |
| 260 | |a Roma : |b Edizioni Libreria Croce, |c 2009 | ||
| 300 | |a 94 p. ; |c 21 cm. | ||
| 650 | 7 | |a Omosessualità | |
| 830 | 0 | |a Universitas |0 IT\ICCU\BVE\0163205 | |
| 942 | |2 ddc |c BK | ||
| 952 | |0 0 |1 0 |2 ddc |4 0 |6 306_766000000000000_FRA |7 1 |9 872 |a RM |b RM |d 2024-03-05 |l 0 |o 306.7660 FRA |p 429 |r 2024-03-05 19:10:57 |w 2024-03-05 |y BK | ||
| 952 | |0 0 |1 0 |4 0 |6 DOC_306_766000000000000_FRA |7 0 |9 20532 |a BO |b BO |d 2026-01-15 |i 14004 |l 0 |o DOC 306.766 FRA |p BO14004 |r 2026-01-15 23:21:27 |w 2026-01-15 |x [Sebina 6] [1 v.] |y BK |z 1 v. | ||
| 999 | |c 829 |d 829 | ||